Регионална библиотека "Любен Каравелов" - Русе

Отвъд точката на пречупване (Запис номер 524594)

MARC детайли
000 -Лидер
Контролно поле с фиксирана дължина 01196nam a2200265 c 4500
003 - Код на организацията, давaща контролен номер
Контролно поле BLK
005 - Дата и час на последна редакция
Контролно поле 20250616103303.0
008 - Елементи от данни с фиксирана дължина
fixed length control field 180411b bul|||||r ||||||| ||bul||
020 ## - Международен стандартен номер на книга ISBN
Международен стандартен номер на книга ISBN 9786190115106
040 ## - Източник на каталожния запис
Идентификатор на билиотеката - собственик на записа BLK
041 ## - Код за език
Код за езика на текст/звукозапис или на отделно заглавие Български
Код за езика КДБФ Български
080 ## - УДК
Текстов определител УДК Вътрешна политика. Вж и 329
УДК код - определител по УДК 323
УДК - код + определител 323(497.2)
080 ## - УДК
Текстов определител УДК Политически подсистеми и институции. Социология на политиката
УДК код - определител по УДК 316.334.3
УДК - код + определител 316.334.3
100 ## - Редна дума - Автор
Автор Христов, Иво Ангелов
Авторска отговорност първи автор
R(LIN) 386703
139 ## - Редно поле
Редна дума Христов, Иво Ангелов
Авторски знак Хрис - Х 77
245 10 - Сведения за заглавието
Заглавие Отвъд точката на пречупване
Редно поле (дума) Иво Христов
260 ## - Област на издателските данни
Място на издаване, разпространение и проч. София
Име на издателя, разпространителя и проч. Изток-Запад
Година на издаване 2024
9 (RLIN) 210881
300 ## - Физическа характеристика
Страници 320 с.
Размери/Мащаб 23 см
380 ## - Жанр
Жанр Обществени науки
650 #0 - Допълнително описание по предмет – тема
Основно описание – тема или топоним България - вътрешна политика - интервюта
9 (RLIN) 322395
650 #0 - Допълнително описание по предмет – тема
Основно описание – тема или топоним Преход от комунизъм към демокрация - България
9 (RLIN) 485358
650 #0 - Допълнително описание по предмет – тема
Основно описание – тема или топоним Социология - България
9 (RLIN) 254673
942 ## - АРТИКУЛИ
Вид на библиотечния материал Книги
Скрит в OPAC Не
Периодичен библиозапис Да
Koha issues (borrowed), all copies 18
999 ## - СИСТЕМНИ КОНТРОЛНИ НОМЕРА
Koha biblionumber 524594
Koha biblioitemnumber 524594
944 ## - СЪЗДАВАНЕ И РЕДАКЦИЯ на ЗАПИСА
Създаване/Редакция
Дата на регистрацията/редакция Нора Радева
Служител, извършил регистрацията/редакцията 30542
Статус, дата на статуса Русанова Ирена
Наличности
Код за отписване Код за изгубен артикул Източник на класификационната схема Код за повреда Код за отдаване Артикулен № Име на библиотеката - собственик Име на библиотеката, в която се намира в момента Статус (Текущо местоположение) Дата на вписване в системата Местоположение - отдел Цена в лева Инвентарен номер Систематично азбучна сигнатура Баркод Цена в евро Служебен тип на артикула
  Не е изгубен Universal Decimal Classification Не е повреден заемане за дома 957598 Регионална библиотека "Любен Каравелов" Русе Регионална библиотека "Любен Каравелов" Русе Заемна - подръчен фонд 2025-01-07 Заемна - подръчен фонд 30.00 120000916385 323(497.2)/Х 77 И 120000916385 15.34 Книги
Vip Innovations Ltd, Rousse, Bulgaria 2025